| 000 | 00937cam a22003011a 4500 | ||
|---|---|---|---|
| 999 |
_c174338 _d174338 |
||
| 001 | 7514958 | ||
| 003 | Nust | ||
| 005 | 20180720073752.0 | ||
| 008 | 810916s1963 enk 000 1 eng | ||
| 010 | _a 64003209 | ||
| 015 | _aGB63-18449 | ||
| 020 |
_a9780007299805 _cRs. 261 |
||
| 035 | _a(OCoLC)7764911 | ||
| 038 | _aArshad | ||
| 040 |
_aDLC _cMBAt _dOCoLC _dUk _dDLC |
||
| 050 | 0 | 0 |
_aPZ3.C4637 _bCl _aPR6005.H66 |
| 082 | 0 | 0 |
_a823.912 _bCHR |
| 100 | 1 |
_aChristie, Agatha, _d1890-1976. _92976 |
|
| 245 | 1 | 4 |
_aThe clocks _c[by] Agatha Christie. |
| 260 |
_aLondon, _bPub. for the Crime club by Collins, _c1963. |
||
| 300 |
_a383 p. _c19 cm. |
||
| 600 | 1 | 0 |
_aPoirot, Hercule _c(Fictitious character) _vFiction. _911837 |
| 650 | 0 |
_aPrivate investigators _zEngland _vFiction. _911838 |
|
| 655 | 7 |
_aDetective and mystery stories. _2gsafd _92977 |
|
| 906 |
_a7 _bcbc _coclcrpl _du _encip _f19 _gy-gencatlg |
||
| 942 |
_2ddc _cBK |
||